Statistics for Hawaiian Airlines Destinations

Click here to take the quiz!

General Stats

  • This quiz has been taken 437 times
  • The average score is 20 of 39

Answer Stats

Answer% Correct
Honolulu
90%
Los Angeles
89%
San Francisco
86%
Seattle
85%
San Diego
77%
Tokyo
77%
New York
76%
Las Vegas
74%
Portland, OR
73%
Sydney
72%
Kahului
Maui
70%
Hilo
65%
Phoenix
65%
Auckland
60%
Seoul
60%
Kona
59%
San Jose
59%
Lihue
Kauai
57%
Osaka
56%
Beijing
55%
Sacramento
52%
Oakland
51%
Manila
49%
Brisbane
46%
Kapalua
Maui
46%
Taipei
41%
Apia
Samoa
37%
Hoʻolehua
Molokai
37%
Lanai
36%
Papeete
Tahiti
36%
Hagåtña
Guam
35%
Sapporo
Japan
29%
Ontario, CA
22%
Fresno
21%
Fukuoka
21%
Nukuʻalofa
Tonga
20%
Pago Pago
American Samoa
17%
Rarotonga
Cook Islands
11%
Sendai
Japan
10%

Score Distribution

Percentile by Number Answered

Percent of People with Each Score

Your Score History

You have not taken this quiz